00544nam a2200193 a 4500001001300000003000900013005001700022008004100039020001000080082001500090100002200105245005000127260004600177300000900223500003500232505003200267650002900299700002200328nice12345678IN_TiNIC20260116012212.0050524s1974 newa grp 000 0 eng  ac10000a973.9bMOR aMorris, Richard B aEmerging Nations and the American Revolution. aNew DelhibEurasia Publishing Housec1974 a238p aincludes index and biblioraphy2 afour volumes bound together aUnited States of America1 aMorris, Richard B